| 000 | 00878nam a2200241 i 4500 | ||
|---|---|---|---|
| 001 | 172298 | ||
| 003 | ES-MaACL | ||
| 005 | 20250831121734.0 | ||
| 008 | 090624s1971 sp |||| | spa d | ||
| 017 | _aZ 557-1971 | ||
| 080 | _a821.134.2-12"18" | ||
| 100 | 1 |
_aGarcía Gutiérrez, Antonio, _d1813-1884 _954743 |
|
| 245 | 1 | 3 |
_aEl trovador / _cA. García Gutiérrez ; edición, prólogo y notas por Alfredo Rodríguez. |
| 250 | _a1ª ed., ilustrada. | ||
| 260 |
_aZaragoza : _bEbro, _c1971. |
||
| 300 |
_a109 p. : _bil. ; _c18 cm. |
||
| 490 | 1 |
_aBiblioteca Clásica Ebro ; _v120. _aTeatro |
|
| 500 | _aÍndice. | ||
| 700 | 1 |
_aRodríguez López-Vázquez, Alfredo, _d1932- _998618 |
|
| 830 | 0 | 0 |
_aBiblioteca clásica Ebro _pTeatro _v120. _9191752 |
| 852 | 4 |
_aES-MaACL _jE-12728 _9R.140292 _z. - Biblioteca Jacinto Martínez Lacalle |
|
| 999 |
_c172298 _d172298 |
||